Nutné kroky k paušálnej dani od 1. januára 2000
Zákon č. 366/1999 Z.z. o daniach z príjmov zaviedol tzv. paušálnu daň z príjmov pre vybrané profesie živnostníkov. Konkrétny postup pri rozhodovaní daňových subjektov pre platbu takejto formy dane upravuje oznámenie MF SR č. 91. Zoznam činností vykonávaných podľa zákona č. 455/1991 Zb. o živnostensk...
Saved in:
| Main Author: | |
|---|---|
| Format: | Book Chapter |
| Language: | Slovak |
| Subjects: | |
| Tags: |
No Tags, Be the first to tag this record!
|
MARC
| LEADER | 00000naa a2200000 4500 | ||
|---|---|---|---|
| 001 | r037147 | ||
| 005 | 20230911132655.0 | ||
| 041 | 0 | |a slo | |
| 044 | |a SK | ||
| 245 | 1 | 0 | |a Nutné kroky k paušálnej dani od 1. januára 2000 |c Emil Burák |
| 520 | |a Zákon č. 366/1999 Z.z. o daniach z príjmov zaviedol tzv. paušálnu daň z príjmov pre vybrané profesie živnostníkov. Konkrétny postup pri rozhodovaní daňových subjektov pre platbu takejto formy dane upravuje oznámenie MF SR č. 91. Zoznam činností vykonávaných podľa zákona č. 455/1991 Zb. o živnostenskom podnikaní v znení neskorších predpisov, z ktorých príjmy sa zdaňujú paušálnou daňou. | ||
| 610 | 2 | 0 | |a dane paušálne |
| 610 | 2 | 0 | |a dane z príjmov |
| 610 | 2 | 0 | |a daňovníci |
| 610 | 2 | 0 | |a zdaňovanie |
| 610 | 2 | 0 | |a osoby fyzické |
| 610 | 2 | 0 | |a osoby právnické |
| 610 | 2 | 0 | |a zákony |
| 610 | 2 | 0 | |a Slovensko |
| 610 | 2 | 0 | |a 1999 |
| 100 | 1 | |a Burák, Emil | |